Catálogo - Centro de Recursos para el Aprendizaje y la Investigación

Volver al Sitio - CRAI Biblioteca

Los chicos toman la palabra estrategias para el desarrollo de la capacidad narrativa en niñas y niños pequeños / (Registro nro. 113932)

Detalles MARC
000 -CABECERA
campo de control de longitud fija 00730nam a22002177a 4500
001 - NÚMERO DE CONTROL
campo de control 113932
003 - IDENTIFICADOR DEL NÚMERO DE CONTROL
campo de control DR-UNIBE
005 - FECHA Y HORA DE LA ÚLTIMA TRANSACCIÓN
campo de control 20251209062549.0
008 - DATOS DE LONGITUD FIJA--INFORMACIÓN GENERAL
campo de control de longitud fija 250723b |||||||| |||| 00| 0 spa d
020 ## - NÚMERO INTERNACIONAL ESTÁNDAR DEL LIBRO
Número Internacional Estándar del Libro 9879286014
040 ## - FUENTE DE LA CATALOGACIÓN
Centro catalogador/agencia de origen BIBLIOTECA UNIBE
Centro/agencia transcriptor BIBLIOTECA UNIBE
Normas de descripción rda
041 ## - CÓDIGO DE LENGUA
Código de lengua del texto/banda sonora o título independiente spa
082 ## - NÚMERO DE LA CLASIFICACIÓN DECIMAL DEWEY
Número de clasificación F 5697
100 ## - ENTRADA PRINCIPAL--NOMBRE DE PERSONA
Nombre de persona Schlemenso, Silvia
Término indicativo de función/relación autor
9 (RLIN) 9081
245 14 - MENCIÓN DE TÍTULO
Título Los chicos toman la palabra estrategias para el desarrollo de la capacidad narrativa en niñas y niños pequeños /
Mención de responsabilidad, etc. Silvia Schlemenson
260 ## - PUBLICACIÓN, DISTRIBUCIÓN, ETC.
Lugar de publicación, distribución, etc. Buenos Aires :
Nombre del editor, distribuidor, etc. Fondo de las Naciones Unidas para la Infancia,
Fecha de publicación, distribución, etc. 1999
300 ## - DESCRIPCIÓN FÍSICA
Extensión 77 páginas
650 #7 - PUNTO DE ACCESO ADICIONAL DE MATERIA--TÉRMINO DE MATERIA
Fuente del encabezamiento o término lemb
Término de materia o nombre geográfico como elemento de entrada Niños
Subdivisión general Desarrollo
9 (RLIN) 198221
653 00 - TÉRMINO DE INDIZACIÓN--NO CONTROLADO
Término no controlado Educación de niños
942 ## - ELEMENTOS DE PUNTO DE ACCESO ADICIONAL (KOHA)
Fuente del sistema de clasificación o colocación Sistema de Clasificación Decimal Dewey
Tipo de ítem Koha Folleto
Existencias
Estado de retiro Estado de pérdida Fuente del sistema de clasificación o colocación No para préstamo Código de colección Localización permanente Fecha de adquisición Total de préstamos Signatura topográfica completa Código de barras Fecha visto por última vez Número de copia Precio válido a partir de Tipo de ítem Koha
  Disponible Sistema de Clasificación Decimal Dewey   Folletos Biblioteca Central UNIBE 05/08/2025   F 5697 F250123 05/08/2025 Ej. 1 05/08/2025 Folleto